Billion Dollar Grossing Superhero Movies - Statistics

General Stats
  • This quiz has been taken 17 times
  • The average score is 12 of 16
Answer Stats
Year Movie % Correct
2019 Avengers: Endgame
100%
2018 Avengers: Infinity War
100%
2012 The Avengers
100%
2008 The Dark Knight
94%
2015 Avengers: Age of Ultron
88%
2012 The Dark Knight Rises
88%
2013 Iron Man 3
81%
2018 Black Panther
75%
2016 Captain America: Civil War
75%
2021 Spider-Man: No Way Home
75%
2019 Captain Marvel
69%
2019 Spider-Man: Far From Home
69%
2024 Deadpool & Wolverine
56%
2019 Joker
44%
2018 Aquaman
38%
2018 Incredibles 2
25%
No matching quizzes found
Score Distribution
Percent of People with Each Score
Percentile by Number Answered
Your Score History
You have not taken this quiz